| 000 | 01184nam a22003017i 4500 | ||
|---|---|---|---|
| 999 |
_c22785 _d22785 |
||
| 003 | AR-CdUCM | ||
| 008 | 240307b20202020pe ||||| |||| 00| 0 spa d | ||
| 040 |
_aMUNICIPALIDAD PROVINCIAL DEL CUSCO _cBIBLIOTECA MUNICIPAL DEL CUSCO |
||
| 041 | _hspa | ||
| 082 |
_a985.632 / C8C _bC8C |
||
| 100 |
_aCornejo Vergara, Gregorio _948891 |
||
| 245 | _aRealidad Cotabambina / | ||
| 260 |
_aWanchaq-Cusco : _c2020 |
||
| 300 |
_a264 páginas. : _c2020 |
||
| 500 | _zBibliografía: páginas 263-264 | ||
| 505 | _a Provincia de Cotabambas -- Creación Política -- Límites de la provincia -- Generalidades de la Region de Apurímac -- Aguas termo-medicinales -- Centro arqueológico de Sondor-Andahuaylas -- Danzas y canciones -- Poesía -- Clima y vegetación -- Flora y fauna -- Hidrografía y fluviografía. | ||
| 650 |
_aCotabambas _949437 |
||
| 650 |
_aGeomorfología _96691 |
||
| 650 |
_aUbicación _949438 |
||
| 650 |
_aToponimia _949439 |
||
| 650 |
_aPoblación _93673 |
||
| 650 |
_aAguas termo-medicinales _949440 |
||
| 650 |
_aTestimonios de la niñez _949441 |
||
| 650 |
_aDanzas _914459 |
||
| 650 |
_aCanciones _914568 |
||
| 942 |
_2ddc _cLIBROS |
||
| 945 |
_apbj _d07-03-2024 |
||